Vista normal
Vista MARC
- Defensoría de los Habitantes de la República
Entrada Personal Name
Número de registros utilizados en: 1
001 - CONTROL NUMBER
- control field: 29316
003 - CONTROL NUMBER IDENTIFIER
- control field: OSt
005 - DATE AND TIME OF LATEST TRANSACTION
- control field: 20161027103839.0
008 - FIXED-LENGTH DATA ELEMENTS
- fixed length control field: 161027|| aca||aabn | a|a d
040 ## - CATALOGING SOURCE
- Original cataloging agency: OSt
- Transcribing agency: OSt
100 ## - HEADING--PERSONAL NAME
- Personal name: Defensoría de los Habitantes de la República
670 ## - SOURCE DATA FOUND
- Source citation: Work cat.: (OSt)3487: Defensoría de los Habitantes de la República, Informe de la Defensoría de los Habitantes en relación con el proyecto de ley 16047: Tratado de Libre Comercio República Dominicana, Centroamérica, Estados Unidos, 2006